[Event "Linz"]
[Site "Linz"]
[Date "1997.05.22"]
[Round "6"]
[White "Kortschnoj, Viktor Lvovich"]
[Black "Casagrande, Harald"]
[Result "1-0"]
[WhiteElo "2635"]
[BlackElo "2365"]
[Annotator "Tsesarsky,I"]
[PlyCount "62"]
[EventDate "1997.05.17"]
[EventType "tourn"]
[EventRounds "9"]
[EventCountry "AUT"]
[EventCategory "12"]
[SourceTitle "CBM 059"]
[Source "ChessBase"]
[SourceDate "1997.08.01"]
[SourceVersion "1"]
[SourceVersionDate "1997.08.01"]
[SourceQuality "1"]

1. d4 Nf6 2. c4 e6 3. Nc3 d5 4. Bg5 c6 5. e3 Nbd7 6. Bd3 dxc4 7. Bxc4 Be7 8.
Nf3 Nd5 9. Bxe7 Qxe7 10. O-O Nxc3 11. bxc3 e5 (11... O-O 12. Qc2 (12. e4 $14)
12... e5 13. Qe4 $1 Re8 14. a4 a5 15. Rab1 Rb8 16. Rb3 (16. Bd3 g6 17. Nxe5
Nxe5 18. Qxe5 Qxe5 19. dxe5 Rxe5 20. Rb6 Rc5 21. Rc1 $14) 16... Nf6 $2 (16...
exd4 17. Qxe7 Rxe7 18. cxd4 $16) 17. Qxe5 Qxe5 18. Nxe5 $18 {1/2-1/2 Ullrich,
M-Allietta,E/PF-op Bellheim 1994 (29)}) 12. e4 (12. a4 O-O 13. Qb3 e4 14. Nd2
Nb6 15. Be2 Be6 16. c4 $14 {1-0 Yermolinsky,A-Zisman,B/New York op 1994 (39)})
12... O-O 13. Re1 (13. Qc2 b5 14. Bd3 Bb7 15. Rae1 a6 16. Nxe5 Nxe5 17. dxe5
Qxe5 18. f4 Qc5+ 19. Kh1 Rae8 20. e5 g6 21. f5 Rxe5 22. fxg6 fxg6 23. Bxg6
Rxf1+ 24. Rxf1 Qe7 (24... Re7 25. Bxh7+ Rxh7 26. Qg6+ Rg7 27. Qe6+ Kh8 28. Rf5
$18) 25. Bd3 $2 (25. Qb3+ Kh8 26. Bxh7 $1 Kxh7 (26... Qg7 27. Qc2 c5 28. Bg6
$18) 27. Rf7+ Kh8 28. Rxe7 $18) 25... c5 $1 $132 {1-0 Vaysman,A-Opravil,K/
Pardubice op 1992 (50)}) 13... exd4 (13... Rd8 14. Qb3 exd4 15. cxd4 Nb6 16.
Bf1 Bg4 17. Ne5 (17. Rad1 Rd7 18. h3 Bxf3 19. Qxf3 Rad8 20. d5 (20. Qe3 Qb4 21.
a3 Qa4 $17) 20... cxd5 21. Bb5 Rd6 22. exd5 Qf8 $15) 17... Be6 18. Qe3 (18. Qc3
) 18... f6 19. Nf3 Qb4 20. a4 Nc4 21. Qc1 Na5 22. Rb1 Qd6 23. Qc3 b6 24. Re3
Rac8 25. Rbe1 Qf8 26. h3 Rd7 27. Ba6 Rcd8 $132 {1-0 Kortschnoj,V-Schweber,S/
Stockholm izt 1962 (41)}) 14. cxd4 Nb6 15. Bb3 Bg4 16. h3 (16. Qd3 Bxf3 17.
Qxf3 Rad8 18. Rad1 Rfe8 19. a4 $14 {1/2-1/2 Lasker,E-Mason,J/ 1899 (47)}) 16...
Bxf3 17. Qxf3 Rad8 18. Rad1 $14 Rd7 $6 (18... Qb4 19. a3 Qa5 $14) 19. Qc3 $1
$16 Rfd8 20. a4 Na8 (20... Nc8 21. e5 $16) 21. f4 $1 (21. d5 cxd5 22. Rxd5 Nc7
23. Rxd7 Rxd7 24. e5 $14) 21... Nc7 (21... Qh4 22. Rf1 (22. f5 $1 Rxd4 23. g3
Qxh3 24. Rxd4 Rxd4 25. Qxd4 Qxg3+ 26. Kf1 Qf3+ 27. Qf2 Qxb3 28. Qxa7 $44) 22...
Nc7 $14) (21... Qf6 22. e5 Qxf4 23. e6 $1 $18) 22. f5 a5 (22... Qf6 23. Bc2 $1
{[%cal Ge4e5]} (23. e5 Qxf5) 23... Rxd4 24. e5 $1 Qh4 25. g3 Qxh3 26. Rxd4 Rxd4
27. Qxd4 Qxg3+ 28. Kf1 Qf3+ 29. Qf2 $18) 23. Qg3 Kh8 (23... Rxd4 24. Rxd4 Rxd4
25. f6 $1 $18) 24. e5 Nd5 (24... Rxd4 25. Rxd4 (25. f6 Qf8 26. e6 Nxe6 $17)
25... Rxd4 26. f6 Qf8 27. Qc3 $1 (27. e6 $2 Nxe6 28. Bxe6 fxe6 29. fxg7+ Qxg7
30. Qb8+ Qg8 31. Qe5+ Qg7 32. Qxa5 Rf4 33. Rxe6 Qd4+ 34. Kh2 Rf8 $11) 27... Rb4
(27... Rd7 28. Qxa5 Nd5 29. Bxd5 cxd5 30. Rc1 $16) 28. fxg7+ Qxg7 29. Rd1 Nd5
30. Bxd5 cxd5 31. Rxd5 $16) 25. Re4 g6 $6 (25... Qf8 26. Rf1 $16) 26. Rf1 (26.
f6 $2 Nxf6) 26... gxf5 27. Rxf5 Rg8 (27... b6 28. Rh5 (28. Rh4 f6 29. Bxd5 Rxd5
30. exf6 $18) 28... f6 29. Rxh7+ Qxh7 30. Rh4 Rg8 31. Rxh7+ Rxh7 32. Qf3 $18)
28. Qf2 $1 (28. Qf3 $143 Rg7 29. Rf6 $5 $16 (29. e6 $6 fxe6 30. Bxd5 Rxd5 31.
Rf8+ Rg8 32. Rf7 Qd8 (32... Qg5 33. Rxe6 $18) 33. Rxb7 Rf5 34. Qe3 $14) (29.
Bxd5 Rxd5 30. Rf6 Rd8 31. Ref4 Qb4 32. Rxf7 Rxf7 33. Rxf7 Qxd4+ $15) (29. Qf2
$16)) 28... Rg7 29. Rh4 Ne3 $6 (29... b6 30. Rfh5 $16) 30. Rxf7 $1 $18 (30.
Rfh5 Rxg2+ 31. Qxg2 Nxg2 32. Rxh7+ Kg8 33. Bxf7+ Kf8 34. Rg4 Qxf7 35. Rxf7+
Kxf7 36. Kxg2 $16) 30... Rxf7 31. Bxf7 Qa3 $2 (31... Qxf7 32. Rf4 Qe7 33. Qxe3
$18) 1-0

[Event "Lost Boys 5th"]
[Site "Antwerp"]
[Date "1997.??.??"]
[Round "1"]
[White "Kortschnoj, Viktor Lvovich"]
[Black "Novikov, Igor A"]
[Result "1-0"]
[WhiteElo "2610"]
[BlackElo "2590"]
[PlyCount "87"]
[EventDate "1997.08.01"]
[EventType "tourn"]
[EventRounds "7"]
[EventCountry "BEL"]
[EventCategory "15"]
[SourceTitle "CBM 061"]
[Source "ChessBase"]
[SourceDate "1997.11.23"]
[SourceVersion "1"]
[SourceVersionDate "1997.11.23"]
[SourceQuality "1"]

1. Nf3 d5 2. b3 Bg4 3. e3 Nd7 4. h3 Bh5 5. Bb2 e6 6. d3 Ngf6 7. Nbd2 h6 8. Qe2
a5 9. a3 a4 10. b4 c5 11. bxc5 Bxc5 12. g4 Bg6 13. Bg2 Qb6 14. Ra2 O-O 15. O-O
Rfc8 16. Rb1 Qa6 17. Nf1 Be7 18. Ng3 Rc7 19. Ba1 Rac8 20. Nd4 e5 21. Ngf5 Bxf5
22. Nxf5 Bf8 23. Ng3 Qe6 24. d4 exd4 25. Bxd4 Ne4 26. Nh5 Nc3 27. Bxc3 Rxc3 28.
Nf4 Qa6 29. Bxd5 Nf6 30. Rxb7 Qxe2 31. Bxf7+ Kh8 32. Nxe2 Rxa3 33. Rxa3 Bxa3
34. Ra7 Rxc2 35. Ra8+ Kh7 36. Nf4 Rc1+ 37. Kg2 g5 38. Bg6+ Kg7 39. Ra7+ Kg8 40.
Ne6 Rc8 41. Rxa4 Bb2 42. Ra7 Nd5 43. Bh7+ Kh8 44. Bf5 1-0

[Event "Lost Boys 5th"]
[Site "Antwerp"]
[Date "1997.??.??"]
[Round "3"]
[White "Kortschnoj, Viktor Lvovich"]
[Black "Ye, Rongguang"]
[Result "1-0"]
[WhiteElo "2610"]
[BlackElo "2500"]
[Annotator "Blatny,P"]
[PlyCount "59"]
[EventDate "1997.08.01"]
[EventType "tourn"]
[EventRounds "7"]
[EventCountry "BEL"]
[EventCategory "15"]
[SourceTitle "CBM 061"]
[Source "ChessBase"]
[SourceDate "1997.11.23"]
[SourceVersion "1"]
[SourceVersionDate "1997.11.23"]
[SourceQuality "1"]

1. c4 c6 2. e4 d5 3. cxd5 cxd5 4. exd5 Nf6 5. Bb5+ Nbd7 6. Nc3 a6 (6... g6 7.
d4 Bg7 8. d6 exd6 9. Bf4 $14) 7. Be2 (7. Qa4 g6 (7... Rb8 8. Bxd7+ Bxd7 (8...
Qxd7 9. Qxd7+ Bxd7 10. d4 b5 11. a3 Bc8 12. Bf4 Ra8 13. Be5 Bb7 14. Bxf6 exf6
15. Nge2 $14 {Magem Badals,J-Adams,M/Dos Hermanas 1993/1/2-1/2 (72)}) 9. Qf4 $1
g6 10. Nf3 Bg7 11. O-O O-O 12. d4 Bf5 13. Qh4 Nxd5 14. Bh6 $14 {
Morguljev-Shakarov/USSR/1980}) 8. Nf3 (8. Nge2 Bg7 9. O-O $14) 8... Bg7 9. O-O
O-O 10. Bxd7 Bxd7 (10... Qxd7 11. Qxd7 Bxd7 12. Re1 Rfe8 13. d4 Rad8 14. Bg5
Bf5 15. Bxf6 Bxf6 16. Ne5 $14 {Tringov-Pfleger, Moskau 1977}) 11. Qb3 b5 12. d4
Qb8 13. Re1 (13. a3 $142) 13... b4 14. Ne4 Qb5 $1 15. Nc5 (15. Nxf6+ $142 Bxf6
16. Bg5 $1) 15... a5 16. Ne5 Be8 17. Be3 $6 (17. a4 bxa3 18. Qxb5 Bxb5 19. Rxa3
Nxd5 20. Bd2 a4 $15) 17... a4 18. Qd1 Nxd5 $17 19. Qf3 Rd8 20. Rac1 Qb8 21. Bd2
Qa8 22. Qh3 Bb5 23. Re4 Nf6 $1 24. Rh4 Qd5 25. Bh6 (25. Bxb4 g5 $19) 25... Bxh6
26. Rxh6 Qxd4 27. Qe3 Qxe3 28. fxe3 Rd2 $19 {0-1 Maus,S-Mueller,K/Hamburg SKA
1991 (33)}) (7. Bxd7+ Qxd7 8. Qb3 Qg4 $132) (7. Ba4 b5 8. Bc2 Nb6 $10) 7... Nb6
{[%csl Rc4,Gc5,Gc6,Yd5,Rd6,Re4,Ge5,Ge6]} 8. Nf3 (8. Bf3 Nbxd5 9. d4 (9. Nxd5
Nxd5 10. Ne2 e6 11. O-O b5 12. Nc3 Bb7 13. Qb3 Be7 14. Re1 O-O 15. Nxd5 Bxd5
16. Bxd5 exd5 17. d4 $11 {1/2-1/2 Vaulin,A-Stummer,A/Kecskemet 1993 (25)}) 9...
e6 10. Nge2 Be7 11. O-O O-O 12. Nf4 Nxc3 13. bxc3 $11 {1/2-1/2 Hadraba,
V-Novotny,J/CZE-chT2 1995/EXT 95ch (20)}) 8... Nbxd5 9. O-O e6 10. d4 Bb4 $6 (
10... Be7 11. Ne5 (11. Bg5 O-O 12. Rc1 b5 13. a4 b4 14. Nxd5 Nxd5 15. Bxe7 Qxe7
16. Bc4 Bb7 17. Qe2 Rfd8 18. Rfd1 Qf6 19. Qe5 Qxe5 {1/2-1/2 Dieter,J-Schneider/
Ladenburg HT 1992/GER 04}) 11... O-O 12. Bf3 (12. Bd3 Qd6 13. Nc4 Qc7 14. a4 b6
15. Bg5 Bb7 16. Nxd5 Bxd5 17. Rc1 $13 {1-0 Pribyl,J-Neckar,L/CSR-ch Brno 1975/
MCD-ch (44)}) 12... Bd7 13. Nxd7 (13. Nxd5 Nxd5 14. Bxd5 exd5 15. Re1 $14 {
1-0 Rasik,V-Kozak,M/tt-CZE95/6 Litomerice-Ostrava 1995 (45)}) 13... Qxd7 14.
Qb3 h6 15. Bd2 Rac8 16. Rad1 b5 17. Ne2 Rc4 18. Rc1 Rfc8 19. Rfd1 R8c6 20. Rxc4
Rxc4 21. Rc1 Nb6 {1/2-1/2 Kortschnoj,V-Hort,V/Rovinj/Zagreb 1970/MCD-r7}) 11.
Qb3 {[%cal Gb3d5,Gc3d5,Gc1g5,Gg5f6,Gb3b4]} O-O 12. Bg5 {/\Nd5} Qa5 $6 (12...
Be7 $142) 13. Rfc1 h6 14. Bd2 Bd7 $6 (14... Nxc3 15. bxc3 Bd6 (15... Ba3 $4 16.
c4 $18) 16. c4 Qc7 17. Rab1 $14) 15. Nxd5 $1 Nxd5 (15... Bxd2 16. Rc5 b5 17.
Nxf6+ gxf6 18. Qd3 Bf4 19. Qe4 Bd6 20. Rh5 $18) 16. Rc5 $1 Bxd2 (16... Qa4 17.
Rxd5 (17. Qxa4 Bxa4 18. Rc4 Bb5 19. Rxb4 Bxe2 20. Rxb7 Rfb8) 17... Bxd2 18.
Rxd7 Qxd7 19. Nxd2 Qxd4 20. Nf3 $16) 17. Rxa5 Bxa5 18. Ne5 Bc8 19. Bf3 Rd8 20.
Rc1 Bb6 21. Nxf7 $1 $18 (21. Bxd5 $2 Bxd4 22. Bxb7 Bxb7 23. Qxb7 Bxe5 $14)
21... Kxf7 22. Bxd5 Bxd4 23. Rxc8 $1 Raxc8 (23... exd5 24. Rxa8 Rxa8 25. Qxd5+
$18) 24. Bxe6+ Kf8 25. Bxc8 Rxc8 26. g3 (26. Qxb7 $4 Rc1#) 26... b6 27. Qd5
Rc1+ 28. Kg2 Bc5 29. Qd8+ Kf7 30. Qc7+ 1-0

[Event "Wichern op 4th"]
[Site "Hamburg"]
[Date "1997.??.??"]
[Round "3"]
[White "Kortschnoj, Viktor Lvovich"]
[Black "Bach, Matthias"]
[Result "1-0"]
[WhiteElo "2610"]
[BlackElo "2320"]
[PlyCount "57"]
[EventDate "1997.10.??"]
[EventType "swiss"]
[EventRounds "9"]
[EventCountry "GER"]
[SourceTitle "EXT 1998"]
[Source "ChessBase"]
[SourceDate "1997.11.17"]
[SourceVersion "1"]
[SourceVersionDate "1997.11.17"]
[SourceQuality "1"]

1. d4 d5 2. c4 e6 3. Nf3 c5 4. cxd5 exd5 5. g3 Nc6 6. Bg2 Nf6 7. O-O Be7 8. Be3
c4 9. b3 cxb3 10. Qxb3 Na5 11. Qd3 Nc4 12. Bg5 O-O 13. Nc3 h6 14. Bxf6 Bxf6 15.
Rab1 Nd6 16. Rbc1 Bf5 17. Qd1 Qa5 18. Ne5 Ne4 19. Nxe4 dxe4 20. Nxf7 Qxa2 21.
Nd6 Bg4 22. Rc2 Qb3 23. Nxe4 Bxd4 24. Nc5 Bxf2+ 25. Rxf2 Qe3 26. Nd3 Rad8 27.
Qc1 Qd4 28. Rc4 Qd7 29. Rxf8+ 1-0

[Event "FIDE-Wch k.o."]
[Site "Groningen"]
[Date "1997.12.09"]
[Round "1.1"]
[White "Kortschnoj, Viktor Lvovich"]
[Black "Hernandez Guerrero, Gilberto Eduardo"]
[Result "1-0"]
[WhiteElo "2610"]
[BlackElo "2525"]
[Annotator "Baburin,A"]
[PlyCount "73"]
[EventDate "1997.12.09"]
[EventType "k.o."]
[EventRounds "7"]
[EventCountry "NED"]
[SourceTitle "CBM 063"]
[Source "ChessBase"]
[SourceDate "1998.03.26"]
[SourceVersion "1"]
[SourceVersionDate "1998.03.26"]
[SourceQuality "1"]

1. Nf3 {Kortschnoj} d6 2. d4 Bg4 3. e3 (3. e4 {Kortschnoj}) (3. c4 {Kortschnoj}
) 3... Nf6 4. c4 Nbd7 5. Nc3 e5 6. Be2 Be7 (6... e4 $2 {Kortschnoj} 7. Nd2 Bf5
(7... Bxe2 8. Kxe2 Qe7 9. Qc2 Nb6 10. b3 $16) 8. g4 Bg6 9. g5 $16) 7. e4 c6 8.
Be3 O-O 9. O-O a6 10. a3 Re8 $2 (10... b5 {Kortschnoj} 11. d5 cxd5 12. cxd5 Rc8
$14) 11. d5 $5 cxd5 (11... c5 {Kortschnoj} 12. b4 $14) 12. cxd5 Rc8 ({After} 
12... Bxf3 13. Bxf3 Rc8 {White has an advantage.}) 13. Nd2 $1 Bxe2 14. Qxe2 $16
{In this type of pawn formation it's beneficial for White to exchange the
light-squared bishop, while Black would like to have the dark-squared bishops
swapped off. Here White enjoys more space and the better bishop. Notice that
Black lacks any counterplay, as it's hard for him to manage ...f7-f5.} Qc7 15.
Rfc1 Qb8 16. a4 {[%csl Rb6]} Rc7 17. a5 h6 18. g3 $1 {A great prophylactic
move - White is obviously watching Black's intentions!} Nh7 19. h4 $1 {[%csl
Gg5] White prevents ...Bg5, thus leaving Black with a bad bishop.} Nhf6 20. Kg2
Rec8 21. Ra4 Nc5 22. Rc4 Ncd7 23. Rb4 (23. Na4 {Kortschnoj} Rxc4 24. Rxc4 $14)
23... Nc5 24. Ra1 Rf8 25. Rc4 Rfc8 26. Ra3 h5 27. f3 g6 28. b4 Ncd7 29. b5 Rxc4
(29... Kg7 $5 {Kortschnoj} 30. Rxc7 (30. Rb3 $5) 30... Rxc7 31. bxa6 bxa6 32.
Qxa6 Qb2 33. Rb3 Qc2 34. Ncb1 Nc5 35. Bxc5 Rxc5 36. Qd3 $14 (36. Qb7 $2 Qd1 $17
)) 30. Nxc4 axb5 (30... Nc5 {Kortschnoj} 31. Nb6 Rc7 32. Bxc5 Rxc5 33. bxa6
bxa6 34. Qxa6 Qc7 35. Ne2 $16) 31. Nxb5 Kg7 32. Na7 Rc7 (32... Re8 {Kortschnoj}
33. Rb3 Qc7 34. Rb4 $16) 33. Qa2 (33. a6 $5 {Kortschnoj} bxa6 34. Nc6 Qe8 35.
Rxa6 $16) 33... Qf8 (33... Kh7 {Kortschnoj} 34. a6 $16) 34. Nb6 Nxb6 (34... Qb8
{Kortschnoj} 35. Nb5 $18) 35. axb6 Rd7 36. Nc6 $3 {The struggle on the
queenside is coming to an end. For Black that was a hopeless fight, since he
was suffocating on that wing.} Ne8 ({Black cannot afford to take the knight:} 
36... bxc6 37. dxc6 d5 38. Ra8 Rd8 39. b7 Bd6 (39... d4 {Kortschnoj} 40. c7 $18
) 40. Bb6 $18) 37. Ra7 {The only way for Black to meet the threat of 38 Na5 is
to play 37...Nf6, but then after 38 Ra8 Ne8 39 Rc8 or 38...Bd8 39 Bg5 Black is
absolutely paralysed. So, he resigned.} 1-0

[Event "Bratto op 18th"]
[Site "Bratto"]
[Date "1998.??.??"]
[Round "?"]
[White "Belakovskaia, Anjelina"]
[Black "Kortschnoj, Viktor Lvovich"]
[Result "0-1"]
[WhiteElo "2385"]
[BlackElo "2625"]
[PlyCount "80"]
[EventDate "1998.??.??"]
[EventType "swiss"]
[EventRounds "9"]
[EventCountry "ITA"]
[SourceTitle "EXT 2002"]
[Source "ChessBase"]
[SourceDate "2001.11.25"]
[SourceVersion "1"]
[SourceVersionDate "2001.11.25"]
[SourceQuality "1"]

1. d4 d5 2. c4 e6 3. Nf3 c5 4. cxd5 exd5 5. g3 Nc6 6. Bg2 Nf6 7. O-O Be7 8. h3
O-O 9. Be3 c4 10. Ne5 h6 11. g4 h5 12. f3 Nd7 13. Nxd7 Bxd7 14. Nc3 Be6 15. Qd2
f5 16. gxh5 Bf6 17. Rad1 Qe7 18. Bf2 Rad8 19. Rfe1 Bg5 20. f4 Bf6 21. e3 Nb4
22. Kh2 Bf7 23. Bf3 Nd3 24. Re2 Kh8 25. Bg1 Qe8 26. b3 b5 27. Rg2 Bxh5 28. Bxh5
Qxh5 29. Nxb5 g5 30. fxg5 Bxg5 31. Qe2 Qh6 32. Nc3 f4 33. Qg4 Rg8 34. e4 f3 35.
Qxf3 Rdf8 36. Rxd3 cxd3 37. Qxd3 Bf4+ 38. Kh1 Rxg2 39. Kxg2 Rg8+ 40. Kf1 Rg3
0-1

[Event "Bratto op 18th"]
[Site "Bratto"]
[Date "1998.??.??"]
[Round "?"]
[White "Bellia, Fabrizio"]
[Black "Kortschnoj, Viktor Lvovich"]
[Result "0-1"]
[WhiteElo "2330"]
[BlackElo "2625"]
[PlyCount "44"]
[EventDate "1998.??.??"]
[EventType "swiss"]
[EventRounds "9"]
[EventCountry "ITA"]
[SourceTitle "EXT 2000"]
[Source "ChessBase"]
[SourceDate "1999.11.16"]
[SourceVersion "1"]
[SourceVersionDate "1999.11.16"]
[SourceQuality "1"]

1. e4 e6 2. d4 d5 3. Nd2 c5 4. exd5 exd5 5. Ngf3 c4 6. Be2 Nc6 7. O-O Bd6 8.
Re1 Nge7 9. b3 cxb3 10. axb3 O-O 11. Nf1 Bf5 12. Ne3 Be4 13. Bb2 Qc7 14. g3 Nf5
15. Nxf5 Bxf5 16. c4 Bb4 17. Nd2 Rad8 18. c5 b6 19. Qc1 bxc5 20. dxc5 d4 21.
Rd1 Rd5 22. Bc4 Rxc5 0-1

[Event "NED-chT"]
[Site "Netherlands"]
[Date "1998.??.??"]
[Round "?"]
[White "Kortschnoj, Viktor Lvovich"]
[Black "Dvoretzky, Mark"]
[Result "1-0"]
[WhiteElo "2625"]
[BlackElo "2470"]
[PlyCount "173"]
[EventDate "1998.??.??"]
[EventType "team"]
[EventRounds "9"]
[EventCountry "NED"]
[SourceTitle "EXT 2007"]
[Source "ChessBase"]
[SourceDate "2006.11.23"]
[SourceVersion "1"]
[SourceVersionDate "2006.11.23"]
[SourceQuality "1"]

1. d4 c5 2. d5 e5 3. e4 d6 4. Bb5+ Nd7 5. a4 Be7 6. f4 exf4 7. Bxf4 Ngf6 8. Nc3
O-O 9. Nf3 Nh5 10. Bd2 Bh4+ 11. g3 Bf6 12. O-O g6 13. Bh6 Ng7 14. Bf4 Ne5 15.
Qd2 Qe7 16. Bxe5 Bxe5 17. Qh6 f6 18. Nxe5 Qxe5 19. Rf4 Qh5 20. Qxh5 Nxh5 21.
Rf2 Bg4 22. Kg2 a6 23. h3 Bc8 24. Bd3 f5 25. Raf1 Nf6 26. exf5 g5 27. Ne4 Nxe4
28. Bxe4 Rf6 29. Kf3 Bd7 30. Kg4 h6 31. b3 Re8 32. Bd3 b5 33. axb5 axb5 34. Re2
Rxe2 35. Bxe2 Kg7 36. Bd3 Rf8 37. h4 Kf6 38. hxg5+ hxg5 39. c4 bxc4 40. bxc4
Rh8 41. Kf3 Rh2 42. g4 Rh3+ 43. Ke4 Rg3 44. Be2 Ba4 45. Rc1 Rh3 46. Bf3 Rh2 47.
Kd3 Rh3 48. Ke3 Rh2 49. Ra1 Bb3 50. Ra6 Ke5 51. Ra8 Rh6 52. Re8+ Kf6 53. Be2
Ba4 54. Ra8 Bd7 55. Rg8 Ba4 56. Kd2 Bb3 57. Rd8 Ke7 58. Rb8 Ba4 59. Ra8 Be8 60.
Bd1 Rh2+ 61. Ke3 Rh3+ 62. Bf3 Rh8 63. Be4 Rh3+ 64. Kf2 Rh8 65. Kg3 Rh6 66. Bc2
Bd7 67. Rg8 Kf6 68. Kg2 Kf7 69. Rxg5 Be8 70. Rh5 Rxh5 71. gxh5 Kg7 72. Bd1 Kh6
73. Kf2 Kg5 74. Ke3 Bd7 75. Bg4 Ba4 76. Kd2 Be8 77. Kc3 Ba4 78. Kb2 Be8 79. Ka3
Kh6 80. f6 Kg5 81. h6 Kxf6 82. Bf5 Bh5 83. Ka4 Be2 84. Kb5 Kf7 85. Bc2 Bf1 86.
h7 Kg7 87. Bb3 1-0

[Event "Linares Anibal op 05th"]
[Site "Linares"]
[Date "1998.01.24"]
[Round "5"]
[White "Estremera Panos, Sergio"]
[Black "Kortschnoj, Viktor Lvovich"]
[Result "0-1"]
[WhiteElo "2400"]
[BlackElo "2625"]
[PlyCount "78"]
[EventDate "1998.01.20"]
[EventType "swiss"]
[EventRounds "10"]
[EventCountry "ESP"]
[SourceTitle "CBM 062 Extra"]
[Source "ChessBase"]
[SourceDate "1998.03.09"]
[SourceVersion "1"]
[SourceVersionDate "1998.03.09"]
[SourceQuality "1"]

1. d4 Nf6 2. c4 e6 3. Nc3 Bb4 4. e3 b6 5. Bd3 Bb7 6. Nf3 O-O 7. O-O d5 8. cxd5
exd5 9. a3 Bd6 10. b4 a6 11. Qb3 Re8 12. a4 Nc6 13. Ba3 a5 14. Bb5 axb4 15.
Bxc6 Bxc6 16. Bxb4 Bxb4 17. Qxb4 Qe7 18. Qxe7 Rxe7 19. Rfc1 Ne8 20. Ne5 Bb7 21.
Nb5 f6 22. Nd3 Kf7 23. Rcb1 Ba6 24. Nb4 Bb7 25. Nd3 Ra5 26. Nc1 Bc6 27. Nb3 Ra6
28. Nc3 Nd6 29. a5 Nb5 30. Nxb5 Bxb5 31. axb6 cxb6 32. Rxa6 Bxa6 33. Rb2 Rc7
34. f3 Rc3 35. Kf2 Bd3 36. Nd2 b5 37. Nb1 Rc2+ 38. Rxc2 Bxc2 39. Nc3 b4 0-1